000 00469nam a2200169 i 4500
001 84889
003 ES-MaACL
005 20230906175131.0
007 t|
008 041124s1958 sp ||||1| spa d
100 1 _aJerez, Hipólito.
_966332
245 1 0 _aPulquería augusta /
_cpor Hipólito Jerez.
250 _a1º ed.
260 _aBurgos :
_b[s.n.,
_c1958] (
_fHijos de Santiago Rodríguez)
300 _a285 p. ;
_c17 cm.
852 _aES-MaACL
_jC-17334
_bR.43587
999 _c84889
_d84889